| 000 | 00382nam a22001337a 4500 | ||
|---|---|---|---|
| 082 |
_a356.1 _bHAR |
||
| 100 |
_aHarper, Sirm Montague _949877 |
||
| 245 |
_aNotes on infantory tactics & Training _c Sirm Montague,Harper, |
||
| 260 |
_aLondon _bSifton Praed & Co.Ltd. _c1922 |
||
| 300 | _a128 p,: | ||
| 526 |
_a0 _b0 _c0 _d356_100000000000000_HAR |
||
| 650 |
_aMCE _9379 |
||
| 942 |
_2ddc _cBK |
||
| 999 |
_c552620 _d552620 |
||